00521nam a2200121Ia 4500008004100000020002200041041001200063100007500075245005200150260003800202440007600240650008300316231221s9999 xx 000 0 und d a978-1-4614-6546-1 aEnglish aRandall Allemang, James De Clerck, Christopher Niezrecki, Alfred Wicks 0aSpecial Topics in Structural Dynamics, Volume 6 c2013bSpringer New YorkaNew York aConference Proceedings of the Society for Experimental Mechanics Series aCivil Engineering; Vibration, Dynamical Systems, Control; Structural Mechanics